Sueño de Polífilo / (Record no. 17203)

MARC details
000 -LEADER
campo de control de longitud fija 00882nam a2200277 i 4500
001 - NÚMERO DE CONTROL
campo de control 17203
003 - IDENTIFICADOR DE NÚMERO DE CONTROL
campo de control ES-MaACL
005 - FECHA Y HORA DE LA ÚLTIMA TRANSACCIÓN
campo de control 20230906151525.0
007 - CAMPO FIJO DE DESCRIPCIÓN FÍSICA--INFORMACIÓN GENERAL
campo de control de longitud fija t|
008 - DATOS DE LONGITUD FIJA--INFORMACIÓN GENERAL
campo de control de longitud fija 010122s1999 sp ||||0| spa j
020 ## - NÚMERO INTERNACIONAL ESTÁNDAR DEL LIBRO
Número Internacional Estándar del Libro 84-95359-05-7
040 ## - FUENTE DE CATALOGACIÓN
Centro catalogador/agencia de origen M-BN
Lengua de catalogación spa
Centro/agencia transcriptor M-BN
080 ## - NÚMERO DE LA CLASIFICACIÓN DECIMAL UNIVERSAL
Número de la Clasificación Decimal Universal 821.131.1-31"14"
080 ## - NÚMERO DE LA CLASIFICACIÓN DECIMAL UNIVERSAL
Número de la Clasificación Decimal Universal 821.131.1 Colonna, Francesco 7 Hypnerotomachia Poliphili.06
100 1# - ENTRADA PRINCIPAL--NOMBRE DE PERSONA
Nombre de persona Colonna, Francesco.
9 (RLIN) 39882
245 10 - MENCIÓN DEL TÍTULO
Título Sueño de Polífilo /
Mención de responsabilidad, etc. Francesco Colonna ; edición y traducción de Pilar Pedraza.
260 ## - PUBLICACIÓN, DISTRIBUCIÓN, ETC.
Lugar de publicación, distribución, etc. Barcelona :
Nombre del editor, distribuidor, etc. El Acantilado,
Fecha de publicación, distribución, etc. 1999.
300 ## - DESCRIPCIÓN FÍSICA
Extensión 765 p. ;
Dimensiones 21 cm.
490 1# - MENCIÓN DE SERIE
Mención de serie Acantilado ;
Designación de volumen o secuencia 17
600 14 - PUNTO DE ACCESO ADICIONAL DE MATERIA--NOMBRE DE PERSONA
Nombre de persona Colonna, Francesco.
Título de la obra Hypnerotomachia Poliphili.
9 (RLIN) 39883
700 1# - ENTRADA AGREGADA--NOMBRE PERSONAL
Nombre de persona Pedraza, Pilar.
9 (RLIN) 89887
830 0# - PUNTO DE ACCESO ADICIONAL DE SERIE-TÍTULO UNIFORME
Título uniforme Acantilado ;
Designación de volumen o secuencia 17
9 (RLIN) 182222
852 ## - LOCALIZACIÓN
Ubicación ES-MaACL
Número de control de estantería L-24158
Sublocalización o colección R.129300
Holdings
Estatus retirado Estado de pérdida Estado de daño No para préstamo Biblioteca de origen Biblioteca actual Ubicación en estantería Fecha de adquisición Fuente de adquisición Total de préstamos Signatura topográfica completa Código de barras Visto por última vez Precio de reemplazo Tipo de ítem Koha
        Biblioteca del Ateneo de Madrid Biblioteca del Ateneo de Madrid Depósito 2 17/01/2008     L-24158 1017550 23/02/2023 23/02/2023 Libro impreso